000 00948nam a22003017a 4500
001 BR0205430
003 BR-BrBNA
005 20230928101203.0
007 ta
008 230509b bl.||||| |||| 00| 0 por d
040 _aBR-BrBNA
_bpor
_cBiblioteca Nacional de Agricultura
041 _a(Por)
072 _aP34; P33
_b3876
090 _ 3876 BR0205430
100 1 _aAraújo, A.S.F. de
110 1 _aEscola Superior de Agricultura Luiz de Queiroz, Piracicaba, SP (Brasil)
_0Tese (Mestre em Agronomia)
245 1 _aBiodegradação, extração e análise de glifosato em dois tipos de solos
260 3 _aPiracicaba, SP (Brasil):
_c2002.
300 _a72 p.
500 _aSummaries (Eng, Por); Bibliography p. 63-72; 18 illus.; 11 tables
650 _aSOLO
650 _aHERBICIDA
650 _aMICROBIOLOGIA DO SOLO
650 _aCROMATOGRAFIA
650 _aBIODEGRADAÇÃO
909 _a202309
_bLucia
_c55
_dLucia Elande
942 _cBK
999 _c64633
_d64633